000 01041nam a2200361I 4500
001 76662
003 BD-RjUL
005 20211209082853.0
008 191230s19681967xx 000 0 eng d
035 _aMITb10533328
035 _a(BD-RjUL)76886)
035 _aGLIS00533328
040 _aYNG
_cYNG
_dm.c.
_dm/c
_dRCD
_beng
041 _aeng
049 _aRCDA
082 _a821.1
_bSAP 1967
100 1 _aSalter, Elizabeth,
_d1925-1980.
_9237219
245 1 0 _aPiers Plowman /
_cElizabeeth Salter and Derek Pearsall
260 _aLondon :
_bedward arnold,
_c1967[c1968]
300 _a207 p. ;
_c23 cm.
336 _atext
_btxt
_2rdacontent
337 _aunmediated
_bn
_2rdamedia
338 _avolume
_bnc
_2rdacarrier
504 _aIncludes Bibliography
600 1 0 _aLangland, William,
_d1330?-1400?
_tPiers Plowman.
_9237221
910 _aOCLC 60
910 _aOCLC 60
910 _aMARCIVEAUT
942 _2ddc
_cBK
949 _aMYGH
999 _c76662
_d76662